Fr. Conceicao Rodrigues College of Engineering

Introduction to Metallurgy (Record no. 26939)

MARC details
000 -LEADER
fixed length control field 00323nam a2200145Ia 4500
082 ## - DEWEY DECIMAL CLASSIFICATION NUMBER
Classification number 669
Item number Cot
100 ## - MAIN ENTRY--PERSONAL NAME
Personal name Cottrell A.
245 ## - TITLE STATEMENT
Title Introduction to Metallurgy
260 ## - PUBLICATION, DISTRIBUTION, ETC.
Name of publisher, distributor, etc. Edward Arnold .
Place of publication, distribution, etc. London
Date of publication, distribution, etc. 1982
300 ## - PHYSICAL DESCRIPTION
Extent 548
546 ## - LANGUAGE NOTE
Language note ENGLISH
654 ## - SUBJECT ADDED ENTRY--FACETED TOPICAL TERMS
Focus term Introduction to Metallurgy
942 ## - ADDED ENTRY ELEMENTS (KOHA)
Koha item type BOOK
Holdings
Withdrawn status Lost status Damaged status Not for loan Collection Home library Current library Shelving location Date acquired Total Checkouts Full call number Barcode Date last seen Price effective from Koha item type
        AFT Fr. Agnel's C.Rodrigues College of Engineering Fr. Agnel's C.Rodrigues College of Engineering   17/03/2023   669 Cot AFT4000 17/03/2023 17/03/2023 BOOK